Bioéthique et droit international : autour de la Déclaration universelle sur la bioéthique et les droits de l'homme (Record no. 2197)
[ view plain ]
| 000 -LEADER | |
|---|---|
| fixed length control field | 01940cam a2200397Li 4500 |
| 001 - CONTROL NUMBER | |
| control field | ocn470635964 |
| 003 - CONTROL NUMBER IDENTIFIER | |
| control field | TZ-ArACH |
| 005 - DATE AND TIME OF LATEST TRANSACTION | |
| control field | 20130510104512.0 |
| 008 - FIXED-LENGTH DATA ELEMENTS--GENERAL INFORMATION | |
| fixed length control field | 070222s2007 fr f 100 0 fre d |
| 015 ## - NATIONAL BIBLIOGRAPHY NUMBER | |
| National bibliography number | 00715502 |
| Source | bnf |
| 016 7# - NATIONAL BIBLIOGRAPHIC AGENCY CONTROL NUMBER | |
| Record control number | FRBNF409865230000007 |
| Source | FrPBN |
| 020 ## - INTERNATIONAL STANDARD BOOK NUMBER | |
| International Standard Book Number | 9782711007998 |
| 020 ## - INTERNATIONAL STANDARD BOOK NUMBER | |
| International Standard Book Number | 2711007995 |
| 035 ## - SYSTEM CONTROL NUMBER | |
| System control number | (OCoLC)470635964 |
| 040 ## - CATALOGING SOURCE | |
| Original cataloging agency | BDF |
| Description conventions | ncafnor |
| Language of cataloging | fre |
| Transcribing agency | TZ-ArACH |
| Modifying agency | ZWZ |
| 041 ## - LANGUAGE CODE | |
| Language code of text/sound track or separate title | Fre |
| 049 ## - LOCAL HOLDINGS (OCLC) | |
| Holding library | TZAA |
| 050 ## - LIBRARY OF CONGRESS CALL NUMBER | |
| Classification number | K3240 .B553 |
| 082 14 - DEWEY DECIMAL CLASSIFICATION NUMBER | |
| Classification number | 344.041 9 |
| Edition number | 22 |
| 245 00 - TITLE STATEMENT | |
| Title | Bioéthique et droit international : autour de la Déclaration universelle sur la bioéthique et les droits de l'homme |
| Remainder of title | autour de la Déclaration universelle sur la bioéthique et les droits de l'homme : [colloque tenu à l'Institut Curie, Paris, 25-26 février 2005] / |
| Statement of responsibility, etc | [organisé par l'] Association internationale Droit, éthique et science ; avec la collaboration de la Commission nationale française pour l'UNESCO ; sous la direction de Christian Byk,... |
| 260 ## - PUBLICATION, DISTRIBUTION, ETC. (IMPRINT) | |
| Place of publication, distribution, etc | Paris : |
| Name of publisher, distributor, etc | Litec, |
| Date of publication, distribution, etc | 2007 |
| Place of manufacture | (Paris : |
| Manufacturer | Impr. Jouve) |
| 300 ## - PHYSICAL DESCRIPTION | |
| Extent | 1 vol. (XX-210 p.) ; |
| Dimensions | 24 cm. |
| 490 0# - SERIES STATEMENT | |
| Series statement | Colloques et débats ; |
| Volume number/sequential designation | 4 |
| 500 ## - GENERAL NOTE | |
| General note | En appendice, choix de documents. |
| 650 #7 - SUBJECT ADDED ENTRY--TOPICAL TERM | |
| Topical term or geographic name as entry element | Bioéthique |
| General subdivision | Droit international |
| -- | Congrès. |
| 9 (RLIN) | 9933 |
| 650 #7 - SUBJECT ADDED ENTRY--TOPICAL TERM | |
| Topical term or geographic name as entry element | Bioéthique |
| General subdivision | Actes de congrès. |
| 9 (RLIN) | 9934 |
| 700 1# - ADDED ENTRY--PERSONAL NAME | |
| Personal name | Byk, Christian. |
| Relator code | pbd |
| 9 (RLIN) | 9935 |
| 710 2# - ADDED ENTRY--CORPORATE NAME | |
| Corporate name or jurisdiction name as entry element | France. |
| Subordinate unit | Commission pour l'Unesco. |
| Relator code | clb |
| 9 (RLIN) | 9936 |
| 710 2# - ADDED ENTRY--CORPORATE NAME | |
| Corporate name or jurisdiction name as entry element | Association internationale Droit, éthique et science. |
| Relator code | edt |
| 9 (RLIN) | 9937 |
| 760 0# - MAIN SERIES ENTRY | |
| Title | Colloques & débats (Paris) |
| International Standard Serial Number | 1952-2479 |
| Relationship information | 4 |
| Record control number | (FrPBN)40214175 |
| 856 42 - ELECTRONIC LOCATION AND ACCESS | |
| Materials specified | Notice et cote du catalogue de la Bibliothèque nationale de France |
| Uniform Resource Identifier | <a href="http://catalogue.bnf.fr/ark:/12148/cb409865235">http://catalogue.bnf.fr/ark:/12148/cb409865235</a> |
| 886 1# - FOREIGN MARC INFORMATION FIELD | |
| 2 | intermrc |
| a | 009 |
| b | a--dk--s----------- |
| 886 2# - FOREIGN MARC INFORMATION FIELD | |
| 2 | intermrc |
| a | 680 |
| b | 0- |
| a | 340 |
| b | 340 |
| 942 ## - ADDED ENTRY ELEMENTS (KOHA) | |
| Source of classification or shelving scheme | Library of Congress Classification |
| Koha item type | Books |
| Home library | Current library | Shelving location | Date acquired | Full call number | Barcode | Koha item type |
|---|---|---|---|---|---|---|
| African Court on Human and Peoples' Rights Library | African Court on Human and Peoples' Rights Library | 10/05/2013 | K3240 .B553 | 10025243 | Books |
